Modifying the Poverty Reduction and Growth Trust (PRGT) Cumulative Borrowing Limit.

An effort to mobilize SDR 11 billion in additional Poverty Reduction and Growth Trust (PRGT) loan resources is underway to sustain the Fund's concessional lending operations over the medium term. SDR 9.4 billion in new loan resources have been secured to date and negotiations with remaining pot...

Deskribapen osoa

Xehetasun bibliografikoak
Erakunde egilea: International Monetary Fund. Finance Dept
Formatua: Aldizkaria
Hizkuntza:English
Argitaratua: Washington, D.C. : International Monetary Fund, 2018.
Saila:Policy Papers; Policy Paper ; No. 2018/008
Gaiak:
Sarrera elektronikoa:Full text available on IMF
LEADER 01921cas a2200313 a 4500
001 AALejournalIMF019208
008 230101c9999 xx r poo 0 0eng d
020 |c 5.00 USD 
020 |z 9781498307253 
022 |a 2663-3493 
040 |a BD-DhAAL  |c BD-DhAAL 
110 2 |a International Monetary Fund.  |b Finance Dept. 
245 1 0 |a Modifying the Poverty Reduction and Growth Trust (PRGT) Cumulative Borrowing Limit. 
264 1 |a Washington, D.C. :  |b International Monetary Fund,  |c 2018. 
300 |a 1 online resource (5 pages) 
490 1 |a Policy Papers 
500 |a <strong>Off-Campus Access:</strong> No User ID or Password Required 
500 |a <strong>On-Campus Access:</strong> No User ID or Password Required 
506 |a Electronic access restricted to authorized BRAC University faculty, staff and students 
520 3 |a An effort to mobilize SDR 11 billion in additional Poverty Reduction and Growth Trust (PRGT) loan resources is underway to sustain the Fund's concessional lending operations over the medium term. SDR 9.4 billion in new loan resources have been secured to date and negotiations with remaining potential loan providers indicate that the target is likely to be exceeded by about SDR 1\2 to 1 billion. To accommodate the better-than-expected loan mobilization outcome, the PRGT's cumulative borrowing limit of SDR 37 billion would need to be increased. PRGT creditors were consulted and supportive of a proposed increase in the borrowing limit, from SDR 37 billion to SDR 38 billion. 
538 |a Mode of access: Internet 
650 7 |a Agreement  |2 imf 
650 7 |a Mobilization Target  |2 imf 
650 7 |a PP  |2 imf 
650 7 |a SDR  |2 imf 
650 7 |a Target Of SDR  |2 imf 
651 7 |a Brazil  |2 imf 
830 0 |a Policy Papers; Policy Paper ;  |v No. 2018/008 
856 4 0 |z Full text available on IMF  |u http://elibrary.imf.org/view/journals/007/2018/008/007.2018.issue-008-en.xml  |z IMF e-Library